000 00795na a2200289 4500
001 12956
003 MIRAKIL
005 20181213154931.0
008 161023b tu 000 0
020 _a9786058808430
035 _a12956
040 _aMilas
_btur
_cTR-AnCHP
041 _atur
082 _a658.4
_bY29s 2011
090 _a658.4 Y29s 2011
100 _aYazgan, Tugay
245 _aStratejik yönetim
_cTugay Yazgan
260 _aİzmir
_bKonak Belediyesi Kültür Yayınları
_c2011
300 _a216 s
_c20 sm
440 _aKonak Belediyesi Kültür Yayınları
_v6
504 _aKaynakça var.
650 _aToplam kalite yönetimi
650 _aKriz yönetimi
_xPlanlama
650 _aStratejik planlama
_xYönetim
657 _aİş'te başarı
942 _2dcc
_cBKS
999 _c3441
_d3441